Statistics for terraria bosses health - Classic mode

Click here to take the quiz!

General Stats

  • This quiz has been taken 4 times
  • The average score is 6 of 18

Answer Stats

BossHealth amount% Correct
King slime2000
75%
Plantera30000
75%
Twins20000
50%
Eye of chulhu2800
50%
Queen bee3400
50%
Golem60000
50%
Duke fishron60000
50%
Queen slime18000
25%
lunatic cultist32000
25%
Skeletron4400
25%
Skeletron prime59000
25%
Deerclops7000
25%
Empress of light70000
25%
Wall of flesh8000
25%
Destroyer80000
25%
Eater of worlds10050
0%
Brain of chulhu1250
0%
moon lord145000
0%

Score Distribution

Percentile by Number Answered

Percent of People with Each Score

Your Score History

You have not taken this quiz